书目信息 |
| 题名: |
文化的冲突与决择
|
|
| 作者: | 李小兵 , 李述一 | |
| 分册: | ||
| 出版信息: | 北京 人民 1987 |
|
| 页数: | 218页 | |
| 开本: | 19cm | |
| 丛书名: | ||
| 单 册: | ||
| 中图分类: | G03 | |
| 科图分类: | ||
| 主题词: | 文化--民族性 | |
| 电子资源: | ||
| ISBN: | ||
| 000 | 00531nam0 2200193 450 | |
| 001 | 0753865015 | |
| 005 | 20070818145745.01 | |
| 010 | @d¥1.10 | |
| 100 | @a20070818d km y0chiy0120 ea | |
| 101 | 0 | @achi |
| 200 | 1 | @a文化的冲突与决择@Awen hua de chong tu yu jue ze@f李述一,李小兵@Fli shu yi,li xiao bing |
| 210 | @a北京@c人民@d1987 | |
| 215 | @a218页@d19cm | |
| 606 | 0 | @a文化@x民族性 |
| 690 | @aG03@v3 | |
| 701 | 0 | @a李小兵@Ali xiao bing |
| 701 | 0 | @a李述一@Ali shu yi |
| 801 | 0 | @aCN@bPFT@c20070818 |
| 905 | @a213230@dG03@ee1@f1 | |
| 文化的冲突与决择/李述一,李小兵.-北京:人民,1987 |
| 218页;19cm |
| ISBN :¥1.10 |
| ● |
| 相关链接 |
|
|
|
|
正题名:文化的冲突与决择
索取号:G03/e1
 
预约/预借
| 序号 | 登录号 | 条形码 | 馆藏地/架位号 | 状态 | 备注 |
| 1 | 6301468 | 263014687 | 教育系资料室/ [索取号:G03/e1] | 在馆 |